Movies Quiz

Random Movies Quiz
Score 0/20 Timer 05:00
9 Plays Today
% Correct
Titanic
99.2%
Jaws
96.9%
Star Wars
93.9%
E.T.: The Extra Terrestrial
92.3%
Gladiator
91.7%
The Matrix
91.2%
Ghostbusters
88.9%
Silence of the Lambs
88.6%
Back to the Future 3
87.7%
Godzilla
86.4%
% Correct
The Shining
86.1%
Life of Pi
85.6%
The Birds
84.7%
Raiders of the Lost Ark
83.5%
Harry Potter
81.1%
Avatar
74.7%
Goldfinger
66.5%
Psycho
40.7%
The French Connection
32.1%
Goldeneye
16.2%
Remove Ads.
Support Sporcle.
Get the best of Sporcle when you Go Orange. This ad-free experience offers more features, more stats, and more fun while also helping to support Sporcle. Thank you for becoming a member.

You're not logged in!

Compare scores with friends on all Sporcle quizzes.
OR
Log In

Show Comments

Extras

Top Quizzes Today


Score Distribution

Your Account Isn't Verified!

In order to create a playlist on Sporcle, you need to verify the email address you used during registration. Go to your Sporcle Settings to finish the process.

Report this User

Report this user for behavior that violates our Community Guidelines.

Details: